EUROPA EN EL SIGLO XVIII : LA ARISTOCRACIA Y EL DESAFIO BURGUES

Zapisane w:
Opis bibliograficzny
1. autor: Rudé, George (autor)
Format: Książka
Etykiety: Dodaj etykietę
Nie ma etykietki, Dołącz pierwszą etykiete!

MARC

LEADER 00000nam^a2200000^a^4500
001 000211947
005 20250521000000.0
009 20260310103440.332
035 |a 020334 
037 |a Acervo Xavier Clavigero 
082 |a 940.  |b RUD 
100 |a Rudé, George  |e (autor) 
245 1 0 |a EUROPA EN EL SIGLO XVIII :  |b LA ARISTOCRACIA Y EL DESAFIO BURGUES 
264 |a ESPAÑA :  |b ALIANZA, S.A.,  |c 1972 
336 |a texto  |b txt  |2 rdacontenido 
337 |a sin mediación  |b n  |2 rdamedio 
338 |a volumen  |b nc  |2 rdasoporte 
649 |a XX 
910 |a Fondo General 
920 |a Impresos - Libros 
930 |a Colección General 
905 |a 101 
901 |a 020334  |b IT1  |c ACC  |i 020334  |u 20250521 
902 |a https://opac.biblio.iteso.mx/vufind/Record/000211947